• 首页
  • 本馆介绍
  • 公告通知
  • 最新文献
  • 馆藏检索
  • 电子资源
  • 读者导购
  • 参考咨询
  • 我的图书馆
  • 登录
  • 详细信息显示
  • 放入我的书架
  • 预约/预借图书
  • 作者相关作品
  • 分类相关作品
  • 丛书相关作品
  • 出版社相关作品

书目信息

  • 表格格式
  • 工作单格式
  • 卡片格式
题名:
读故事 学国学
    
 
作者: 晓琪 编著
分册:  
出版信息: 北京   朝华出版社  2009.01
页数: 276页
开本: 24cm
丛书名:
单 册:
中图分类: Z126-49 , I247.81
科图分类:
主题词: 小说--中国
电子资源:
ISBN: 978-7-5054-1977-3
000 00560nam0 2200205 450
001 1131734312
005 20110922085033.25
010    @a978-7-5054-1977-3@dCNY36.00
100    @a20110922d2009 km y0chiy0120 ea
101 0  @achi
102    @aCN@b110000
200 1  @a读故事 学国学@Adu gu shi xue guo xue@f晓琪编著@Fxiao qi bian zhu
210    @a北京@c朝华出版社@d2009.01
215    @a276页@d24cm
606 0  @a小说@x中国
690    @aZ126-49@v4
690    @aI247.81@v5
701  0 @a晓琪@Axiao qi@4编著
801  0 @aCN@bNISOFT@c20110922
905    @aBZT@dI247.81@e1
    
    读故事 学国学/晓琪编著.-北京:朝华出版社,2009.01
    276页;24cm
    
    
    ISBN 978-7-5054-1977-3:CNY36.00
    
●
相关链接 在五车中查询图书 在当当中查询图书 在豆瓣中查询图书


正题名:读故事 学国学     索取号:I247.81/1         预约/预借

序号 登录号 条形码 馆藏地/架位号 状态 备注
1 795331   2000795331   样本书库/样006架B面4层2列/ [索取号:I247.81/1] 在馆    
2 795332   2000795332   中心书库中库/打包BH1163/ [索取号:I247.81/1] 在馆    
3 795333   2000795333   中心书库中库/打包BH1163/ [索取号:I247.81/1] 在馆    
山东省滨州职业学院图书馆 欢迎您!
大连网信软件有限公司© 版权所有